Normal view
MARC view
Entry Personal Name
001 - CONTROL NUMBER
- control field: 28445
003 - CONTROL NUMBER IDENTIFIER
- control field: ARRUPE
005 - DATE AND TIME OF LATEST TRANSACTION
- control field: 20170123105131.0
008 - FIXED-LENGTH DATA ELEMENTS
- fixed length control field: 170123|| aca||aabn | a|a d
040 ## - CATALOGING SOURCE
- Original cataloging agency: ARRUPE
- Transcribing agency: ARRUPE
100 ## - HEADING--PERSONAL NAME
- Personal name: Sarup, Madan.
670 ## - SOURCE DATA FOUND
- Source citation: Work cat.: (ARRUPE)0: Sarup, Madan., An introductory guide to post-structuralism and postmodernism /, 1993.